00000000nam##2200000za#4500
0019.613456
003CaOODSP
00520200327131032
007ta
008150406|1996||||xxc|||||     f|0| 0 eng|d
022 |a0706-6457
040 |aCaOODSP|beng
043 |an-cn---
0861 |aFs97-6/2138E
1101 |aCanada. |bDepartment of Fisheries and Oceans.
24510|aProceedings of the Fifth Canadian Workshop on Harmful Marine Algae / |cEdited by R. W. Penney.
260 |aOttawa - Ontario : |bFisheries and Oceans Canada |c1996.
300 |axiii, 195p. : |bfigs., graphs, maps, references, tables ; |c28 cm.
4901 |aCanadian technical report of fisheries and aquatic sciences|x0706-6457|v2138
500 |aPrepared at the Department of Fisheries and Oceans, Science Branch, P.O. Box 5667, St. John's, Newfoundland A1C 5X1.
546 |aRésumés en français
563 |aSoftcover
590 |a96-49|b1996-12-06
7201 |aPenney, R. W.
7760#|tProceedings of the Fifth Canadian Workshop on Harmful Marine Algae / |w(CaOODSP)9.574111
830#0|aCanadian technical report of fisheries and aquatic sciences,|x0706-6457|v2138|w(CaOODSP)9.514691